| 000 | 00467nam a2200169 a 4500 | ||
|---|---|---|---|
| 001 | 000006996 | ||
| 005 | 20250217092805.0 | ||
| 008 | 090904s2005 dr 000 0 spa d | ||
| 040 |
_aDO-SdBNP _bspa _cBNPHU |
||
| 082 |
_axxx _bJ91p |
||
| 100 | 1 |
_aJuanes, Benigno _d1916-2009 _9442 |
|
| 245 | 1 | 3 |
_aEl proyecto del Padre / _cBenigno Juanes. |
| 260 |
_aSanto Domingo, : _bAmigo del Hogar, _c2005. |
||
| 300 |
_a190 p. ; _c20 cm. |
||
| 490 | 1 | _aSENDA | |
| 830 | 0 |
_aSENDA _912405 |
|
| 999 |
_c6780 _d6780 |
||